000 00563nam a2200157Ia 4500
008 100122s9999 xx 000 0 und d
082 _b77134
_aBM823.08
100 _aऔरंगाबादकर अनुराधा
245 _aकिशोरवयीन मुलांसाठी गोष्टी
250 _a1
260 _c2009
300 _a50
630 _aकिशोरवयीन मुलांसाठी गोष्टी
730 _aकिशोरवयीन मुलांसाठी गोष्टी
942 _cBOOK
999 _c394106
_d394103